| 000 | 00867cab a2200289 4500 | ||
|---|---|---|---|
| 001 | ABS51343 | ||
| 008 | 090401t1994 xxu||||| |||| 00| 0 eng d | ||
| 035 | _a(Sirsi) u22685 | ||
| 041 | _aeng | ||
| 100 | _aMorris, A. | ||
| 245 | _aFollowing royal advice | ||
| 260 | _c1994 | ||
| 350 | _a0 | ||
| 490 |
_aBuilding Economist _vSeptember 1994, 15(1) |
||
| 520 | _aDiscusses "Bovis Homes Ltd v Oakcliff Investment Corporation" 1994 which highlighted pitfalls over contract completion dates. | ||
| 650 | _aBREACH OF CONTRACT | ||
| 650 | _aBUILT ENVIRONMENT-BUILDING CONTRACT FORMS | ||
| 650 | _aCLAIMS | ||
| 650 | _aCOMPLETION DATES | ||
| 650 | _aCOMPLETION ON TIME | ||
| 650 | _aCONTRACT CLAIMS | ||
| 650 | _aRESCISSION | ||
| 650 | _aTIME OF THE ESSENCE | ||
| 690 | _aBUILT ENVIRONMENT-BUILDING CONTRACT FORMS | ||
| 942 | _n0 | ||
| 948 | _c04/03/1997 | ||
| 999 |
_c15208 _d15208 |
||